01092nam a22001937a 450000500170000000800410001702000150005804000070007304100120008008200180009210000210011024500080013126000320013930000280017152006340019965000200083370000220085370000230087520221220114343.0221220b ||||| |||| 00| 0 eng d a0141183632 cAL aEnglish 223a823bKIPK aRudyard Kipling  aKim aLondonbPenguin Booksc1989 a334 p.bPBc19.7x13 cm. aKipling's epic rendition of the imperial experience in India is also his greatest long work. Two men - Kim, a boy growing into early manhood and the lama, an old ascetic priest - are fired by a quest. Kim is white, a sahib, although born in India. While he wants to play the Great Game of Imperialism, he is also spiritually bound to the lama and he tries to reconcile these opposing strands, while the lama searches for redemption from the Wheel of Life. A celebration of their friendship in an often hostile environment, Kim captures the opulence of India's exotic landscape, overlaid by the uneasy presence of the British Raj. aEnglish fiction aKIPLING (Rudyard) aSAID (Edward W) Ed